| 000 | 02032nmm a22003257a 4500 | ||
|---|---|---|---|
| 005 | 20260327063703.0 | ||
| 006 | a|||||r|||| 00| 0 | ||
| 008 | 120103t2019 ag a | s 00| 0 spa d | ||
| 020 | _a9789877820164 | ||
| 040 | _aAR-MoUNM | ||
| 082 | 0 |
_220 _a351.06 _bINF 43 |
|
| 245 | 0 | 0 |
_aInforme de investigación 2 Proyecto PICYDT-EYA-01-2013 _h[recurso electrónico] : _bteoría y práctica de la gestión y gobernabilidad en grandes organizaciones nacionales : organización y gestión en el Ministerio de Defensa / _cdirector, Hugo T. Cormick. |
| 260 |
_aBuenos Aires : _bUniversidad Nacional de Moreno, _c2019. |
||
| 300 |
_a1 recurso en línea [264 p.] ; _bil. ; gráfs. |
||
| 490 | 0 | _a(Investigación UNM / Adriana Sánchez) | |
| 504 | _aIncluye índice. | ||
| 520 | _aEsta publicación, es el resultado de la labor realizada en el marco del Proyecto PICYDT-EyA-01-2013 de la Universidad Nacional de Moreno y dirigido pr el Mg. Hugo Tomás Cormick, cuyo objetivo genral se centró en analizar si las diferencias de orientación de las políticas estatales en la jurisdicción Defensa (en particular, en las áreas propias de la gestión civil), en el período 2003-2015, por un lado y en la década del '90, por otro lado, se expersaron e impactaro en la dimensión organizacional y en la gestión de los recursos humanos ó, si por el contrario, los cambios producidos no alteraron las modalidades organizacionales previas. | ||
| 650 | 7 |
_2unescot _aINVESTIGACION _91115 |
|
| 650 | 7 |
_aADMINISTRACION PUBLICA _2unescot _91222 |
|
| 650 | 7 |
_2unescot _aDEFENSA _98108 |
|
| 650 | 7 |
_2mpirdes _aADMINISTRACION DE PERSONAL _97586 |
|
| 651 | 7 |
_2unescot _aARGENTINA _92590 |
|
| 651 | 4 |
_97439 _aMORENO (ARGENTINA : PARTIDO) |
|
| 700 | 1 |
_916767 _aBeltrán, Roberto C. |
|
| 700 | 1 |
_915120 _aRago, Lucas Alberto |
|
| 700 | 1 |
_92218 _aCormick, Hugo Tomás _edir. |
|
| 700 | 1 |
_916766 _aHage, Graciela L . |
|
| 856 |
_uhttp://repositorio.unm.edu.ar:8080/jspui/handle/123456789/170 _yAcceda a la página de la publicación |
||
| 942 | _cEBOOK | ||
| 999 |
_c12718 _d12719 |
||